<?xml version="1.0" encoding="UTF-8"?>
<record
    xmlns:xsi="http://www.w3.org/2001/XMLSchema-instance"
    xsi:schemaLocation="http://www.loc.gov/MARC21/slim http://www.loc.gov/standards/marcxml/schema/MARC21slim.xsd"
    xmlns="http://www.loc.gov/MARC21/slim">

  <leader>00755nam a22002297a 4500</leader>
  <controlfield tag="005">20150226124238.0</controlfield>
  <controlfield tag="008">140714b        xxu||||| |||| 00| 0 Urdu d</controlfield>
  <datafield tag="010" ind1=" " ind2=" ">
    <subfield code="a">UR-8692</subfield>
  </datafield>
  <datafield tag="020" ind1="q" ind2=" ">
    <subfield code="c">200..00</subfield>
  </datafield>
  <datafield tag="020" ind1=" " ind2=" ">
    <subfield code="c">9789350733547</subfield>
  </datafield>
  <datafield tag="035" ind1=" " ind2=" ">
    <subfield code="a">U-7247</subfield>
  </datafield>
  <datafield tag="037" ind1=" " ind2=" ">
    <subfield code="b">DBAD/Pub.</subfield>
  </datafield>
  <datafield tag="040" ind1=" " ind2=" ">
    <subfield code="a">DPL</subfield>
    <subfield code="b">Urdu</subfield>
  </datafield>
  <datafield tag="082" ind1=" " ind2=" ">
    <subfield code="a">844.8</subfield>
  </datafield>
  <datafield tag="100" ind1=" " ind2=" ">
    <subfield code="a">&#x631; &#x621; &#x641; &#x62E;&#x64A;&#x631;</subfield>
  </datafield>
  <datafield tag="245" ind1=" " ind2=" ">
    <subfield code="a">&#x200E;&#x62F; &#x6A9;&#x646; &#x6A9;&#x6CC; &#x686;&#x646;&#x62F; &#x6C1;&#x633;&#x62A;&#x64A;&#x627; &#x646;  :&#x62A;&#x646;&#x642;&#x64A;&#x62F; &#x6CC; &#x645;&#x636;&#x627; &#x645;&#x64A;&#x646;</subfield>
    <subfield code="c">&#x631; &#x621; &#x641; &#x62E;&#x64A;&#x631;</subfield>
  </datafield>
  <datafield tag="246" ind1=" " ind2=" ">
    <subfield code="a">Daccan ki chand hastian (Criticism/Essays)</subfield>
    <subfield code="b">By Raoof Khair</subfield>
  </datafield>
  <datafield tag="260" ind1=" " ind2=" ">
    <subfield code="a">&#x62F; &#x6BE;&#x644;&#x6CC;</subfield>
    <subfield code="b">Educational  Publishing House</subfield>
    <subfield code="c">2014</subfield>
  </datafield>
  <datafield tag="270" ind1=" " ind2=" ">
    <subfield code="a">3108,Vakeel Street,Kucha Pandit,Lal Kuan</subfield>
    <subfield code="b">.Delhi </subfield>
    <subfield code="e">110006</subfield>
  </datafield>
  <datafield tag="300" ind1=" " ind2=" ">
    <subfield code="a">192&#x635;</subfield>
    <subfield code="c">22Cm (Hb)</subfield>
  </datafield>
  <datafield tag="942" ind1=" " ind2=" ">
    <subfield code="2">ddc</subfield>
    <subfield code="c">UR</subfield>
    <subfield code="e"> </subfield>
    <subfield code="h">844.8</subfield>
    <subfield code="m">&#x631; &#x621; &#x641;</subfield>
  </datafield>
  <datafield tag="999" ind1=" " ind2=" ">
    <subfield code="c">91953</subfield>
    <subfield code="d">91953</subfield>
  </datafield>
  <datafield tag="952" ind1=" " ind2=" ">
    <subfield code="0">0</subfield>
    <subfield code="1">0</subfield>
    <subfield code="2">ddc</subfield>
    <subfield code="4">0</subfield>
    <subfield code="7">1</subfield>
    <subfield code="8">NFIC</subfield>
    <subfield code="a">DBAD</subfield>
    <subfield code="b">DBAD</subfield>
    <subfield code="d">2015-02-26</subfield>
    <subfield code="e">DBAD/Pub.</subfield>
    <subfield code="g">200.00</subfield>
    <subfield code="l">0</subfield>
    <subfield code="o">844.8 &#x631; &#x621; &#x641;</subfield>
    <subfield code="p">U-7247</subfield>
    <subfield code="r">2015-02-26 00:00:00</subfield>
    <subfield code="t">1</subfield>
    <subfield code="v">200.00</subfield>
    <subfield code="w">2015-02-26</subfield>
    <subfield code="y">UR</subfield>
  </datafield>
</record>
